000 00623cam a22002293a 4500
001 13692
003 PGUSA
005 20140828083308.0
008 041010s2004||||xxu|||||s|||||000 | eng d
040 _aPGUSA
_beng
042 _adc
050 4 _aQA
100 1 _aMcMahon, James,
_d1856-
245 1 0 _aHyperbolic Functions
_h[electronic resource] /
_cJames McMahon
260 _bProject Gutenberg,
_c2004
506 _aPublic domain in the USA.
516 _aElectronic text
653 _aExponential functions
830 0 _aProject Gutenberg
_v13692
856 4 0 _uhttp://www.gutenberg.org/ebooks/13692
942 _cEB
999 _c242947
_d242947